000 00491nam a2200145Ia 4500
008 100204s9999 xx 000 0 und d
082 _b14008
100 _aलागू चिंतामणी
245 _aदेव नाही राहिला
260 _b"उदयदीप प्रकाशन , मुंबई"
_c1982
300 _a212
630 _aदेव नाही राहिला
730 _aदेव नाही राहिला
942 _cBOOK
999 _c458439
_d458436